| 000 | 00580nam a2200229Ia 4500 | ||
|---|---|---|---|
| 003 | 0100 | ||
| 008 | 130303s9999 xx 000 0 und d | ||
| 020 | _a185065719X | ||
| 040 | _cARRUPELIB | ||
| 050 | _aBR1644.5.G4G54 2004 | ||
| 100 | _aGifford, Paul | ||
| 245 | _aGhana's new Christianity | ||
| 245 | _bpentecostalism in a globalising African economy | ||
| 260 | _aLondon | ||
| 260 | _bHurst and Company | ||
| 260 | _C2004 | ||
| 300 | _a216p. | ||
| 300 | _b 22cm | ||
| 650 | _bPolitical corruption--Kenya | ||
| 650 | _cKenya--Politics--1978- | ||
| 942 |
_2lcc _01 |
||
| 999 |
_c60827 _d60827 |
||